000 01598nam a2200301 4500
003 EC-UNACH
005 20251119173548.0
006 s||||gr|||| 00| 00
008 150116t9999 mx r gr 000 0 spa d
020 _a978-84-9835-312-9
040 _aEC-UNACH
_cEC-UNACH
041 _aspa
082 0 4 _223
_a615.8
_bL018345
110 _aEditorial medica panamericana
245 _aMasaje profundo para la liberación de tejidos blandos
250 _aPrimera edición
264 _aEspaña
_bEditorial medica panamericana
_c2011
300 _a164
505 _aParte I Primeros pasos con la liberación de tejidos blandos: antes de empezar 1 Introducción a la liberación de tejidos 2 Preparación para la liberación de tejidos blandos Parte II Técnicas de liberación de tejidos blandos 3 Liberación pasiva de tejidos blandos 4 Liberación de tejidos blandos activa-asistida 5 Liberación de tejidos blandos activa Parte III Aplicaciones de la liberación de tejidos blandos 6 Liberación de tejidos blandos en el tronco 7 Liberación de tejidos blandos en los miembros inferiores 8 Liberación de tejidos blandos en los miembros superiores Parte IV Programas de liberación de tejidos blandos 9 Elaboración de un programa de liberación de tejidos blandos
650 _aQUIENES DEBERÍAN TRATARSE CON LTB
650 _aEQUIPAMIENTO NESESARIO
650 _aCLAVES PARA SOSTENER CADA MUSCULO
700 _aJane Johnson ,MCSP , MSc
942 _2ddc
_c1
999 _c14204